LEADER 02008nam0 22004453i 450 001 VAN0183379 005 20230612024305.61 017 70$2N$a9783319542416 100 $a20210715d2017 |0itac50 ba 101 $aeng 102 $aCH 105 $a|||| ||||| 200 1 $aComplex Networks VIII$eProceedings of the 8th Conference on Complex Networks CompleNet 2017$fedited by Bruno Gonçalves ... [et al.] 210 $aCham$cSpringer$d2017 215 $axiv, 262 p.$cill.$d24 cm 410 1$1001VAN0133298$12001 $aSpringer Proceedings in Complexity$1210 $aBerlin [etc.]$cSpringer 500 1$3VAN0183390$aComplex Networks VIII$91825499 606 $a68-XX$xComputer science [MSC 2020]$3VANC019670$2MF 606 $a68Txx$xArtificial intelligence [MSC 2020]$3VANC021266$2MF 606 $a00Bxx$xConference proceedings and collections of articles [MSC 2020]$3VANC021742$2MF 610 $aCOMPLENET$9KW:K 610 $aComplex Networks$9KW:K 610 $aComplexity proceedings$9KW:K 610 $aComputational Intelligence$9KW:K 610 $aConference on Complex Networks$9KW:K 610 $aNetwork Science$9KW:K 610 $aNetwork controllability$9KW:K 610 $aRecommendation systems$9KW:K 620 $aCH$dCham$3VANL001889 702 1$aGonçalves$bBruno$3VANV107574 712 12$aInternational Workshop on Complex Networks$d8.$f2017$eDubrovnik, Croatia$3VANV164298 712 $aSpringer $3VANV108073$4650 801 $aIT$bSOL$c20240614$gRICA 856 4 $uhttp://doi.org/10.1007/978-3-319-54241-6$zE-book ? Accesso al full-text attraverso riconoscimento IP di Ateneo, proxy e/o Shibboleth 899 $aBIBLIOTECA DEL DIPARTIMENTO DI MATEMATICA E FISICA$1IT-CE0120$2VAN08 912 $fN 912 $aVAN0183379 950 $aBIBLIOTECA DEL DIPARTIMENTO DI MATEMATICA E FISICA$d08CONS e-book 3070 $e08eMF3070 20210715 996 $aComplex Networks VIII$91825499 997 $aUNICAMPANIA LEADER 01229nam2 2200313 i 450 001 CFI0015036 005 20251003044109.0 020 $aIT$b88-10198 100 $a20250512d1984 ||||0itac50 ba 101 | $aita 102 $ait 181 1$6z01$ai $bxxxe 182 1$6z01$an 183 1$6z01$anc$2RDAcarrier 200 1 $a2$eˆI ‰profili della tutela e i valori normativi della condotta$fEnzo Cardi 210 $aPerugia$cUniversità degli studi$d©1984 215 $a176 p.$d24 cm 300 $aIn testa al front.: Università degli studi di Perugia. 461 1$1001CFI0015039$12001 $aˆLa ‰manifestazione di interessi nei procedimenti amministrativi$fEnzo Cardi$v2 606 $aProcedimento amministrativo$2FIR$3CFIC002420$9E 676 $a342.45066$9PROCEDIMENTO AMMINISTRATIVO. ITALIA$v23 700 1$aCardi$b, Enzo$f <1950- >$3CFIV009726$4070$0115762 801 3$aIT$bIT-000000$c20250512 850 $aIT-BN0095 912 $aCFI0015036 950 2$aBiblioteca Centralizzata di Ateneo$cv. 2$d 01D (AR) 1 803$e 01AR 0070018035 VMA A4(0002 v. 2$fY $h20250611$i20250611 977 $a 01 996 $a2$94386245 997 $aUNISANNIO